| 000 | 01083nam a2200253 i 4500 | ||
|---|---|---|---|
| 001 | 7253 | ||
| 003 | ES-MaACL | ||
| 005 | 20250920063026.0 | ||
| 008 | 901114s1988 sp d ||||1| spa d | ||
| 020 | _a84-303-1029-0 | ||
| 080 | _a46.3=7 | ||
| 080 | _a47.3=6 | ||
| 100 | 1 |
_aBlánquez Fraile, Agustín, _d1883-1965 _929329 |
|
| 245 | 1 | 0 |
_aDiccionario latino-español, español-latino _b: 160.000 voces de entrada, con numerosas acepciones, ejemplos de frases y modismos de los autores clásicos y una extensa gramática latina... / _cAgustín Blánquez Fraile. |
| 260 |
_aBarcelona : _bSopena, _c[1988] |
||
| 300 |
_a3 v. ; _c26 cm. |
||
| 505 | 8 | _aContiene: I. Latino-español: A-J - II. Latino-español: K-Z - III. Español-latino: A-Z | |
| 650 | 4 |
_aLengua española- _vDiccionarios- _xLatín. _914144 |
|
| 650 | 4 |
_aLengua latina- _vDiccionarios- _xEspañol. _914295 |
|
| 852 |
_aES-MaACL _jL-14479 _z- Enc. cart. |
||
| 852 |
_aES-MaACL _jL-14481 _z- Enc. cart. |
||
| 852 |
_aES-MaACL _jL-14480 _z- Enc. cart. |
||
| 999 |
_c7253 _d7253 |
||